00652nam a2200217Ia 4500003000400000005001700004008004100021040000700062041000800069082002400077100003000101245002500131250000600156260004200162300001200204365001300216906002700229942001200256999001900268952014700287OSt20230325105504.0210423s2003 xx 000 0 und d cAL aeng a658.4034 223bPANR aPANNEERSELVAM (R).977877 aOperations research. a2 aNew DelhibPHI Learning Pvt Ltdc2003 axii,608 b295cINR aOperations ; research. 2ddccBK c155978d155978 001040708MCOMaSACPGbSACPGd2008-08-27eAthulya Booksg295.00l1o658.4034 PANRpPG002450r2022-08-24 00:00:00s2022-07-16w2021-04-26yBK